| 000 | 01271cam a22002295a 4500 | ||
|---|---|---|---|
| 001 | L140839 | ||
| 008 | 071015s1926 xxk eng u | ||
| 035 | _a(Sirsi) u140839 | ||
| 041 | 0 | _aeng | |
| 110 | 2 |
_aKnight Frank and Rutley _91990 |
|
| 245 | 0 | 0 |
_aWembley... _billustrated particulars, plans and conditions of sale of the freehold of the British Empire Exhibition extending to about 132 acres...including The Palace of Engineering, The Palace of Industry, The Palace of Arts, The Civic Hall, number of restaurants, staff offices and the Stadium...to be offered for sale by auction as a whole, by Messrs. Knight, Frank and Rutley in the Estate Sale Room, 20 Hanover Square, London W.1 on Thursday 27th May 1926... |
| 250 | _a1st ed. | ||
| 260 |
_aS.l. _bs.n. _c[1926] |
||
| 300 |
_a41 p. _ill, col. map _c34 cm. + _e1 folder (34 cm) |
||
| 340 | _aPrinted | ||
| 351 | _cSingle item | ||
| 500 | _aSales particulars are accompanied by a folder containing three plans of the British Empire Exhibition. | ||
| 500 | _aSales particulars have a note inserted at the title page stating that the sale is postponed to Tuesday 15 June 1926. | ||
| 651 | 4 | _aLondon | |
| 690 | _aPROPERTY-PROPERTY ACQUISITION AND DISPOSAL-ACQUISITION AND DISPOSAL AT AUCTION | ||
| 942 | _n0 | ||
| 999 |
_c116500 _d116500 |
||